Pollution control by microganisms : (Record no. 42758)

MARC details
000 -LEADER
fixed length control field 00885nam a22002177a 4500
005 - DATE AND TIME OF LATEST TRANSACTION
control field 20100820152510.0
010 ## - LCCN (DPL NO)
LC control number ENG-101026
020 ## - INTERNATIONAL STANDARD BOOK NUMBER
International Standard Book Number 9789350151236
Terms of availability 300.00
035 ## - SYSTEM CONTROL NUMBER
System control number EN-84559
037 ## - SOURCE OF ACQUISITION
Source of stock number/acquisition DBAD/PUB
082 ## - DEWEY DECIMAL CLASSIFICATION NUMBER
Classification number 363.73
100 ## - MAIN ENTRY--PERSONAL NAME
Personal name Aithal, Shiva C.
245 ## - TITLE STATEMENT
Title Pollution control by microganisms :
Remainder of title bioremediation biocontrol and other emerging technologies /
Statement of responsibility, etc by Shiva C. Aithal [and] Abhay B. Solunke
260 ## - PUBLICATION, DISTRIBUTION, ETC. (IMPRINT)
Place of publication, distribution, etc Goa
Name of publisher, distributor, etc Cinnamonteal Publishing
Date of publication, distribution, etc 2009
270 ## - ADDRESS
Address Plot No.16, Gogal Housing Board Colony
City Goa
Postal code 403601
300 ## - PHYSICAL DESCRIPTION
Extent 243p.:
Other physical details ill.
Dimensions 23cm (pbk)
500 ## - GENERAL NOTE
General note Includes bibliographical references and index
700 ## - ADDED ENTRY--PERSONAL NAME
Personal name Solunke, Abhay B.
9 (RLIN) 15687
942 ## - ADDED ENTRY ELEMENTS (KOHA)
Source of classification or shelving scheme Dewey Decimal Classification
Item type English Books
Classification part 363.73
Call number suffix AIT
Holdings
Withdrawn status Lost status Not for loan Collection code Home library Current library Date acquired Source of acquisition Cost, normal purchase price Full call number Barcode Copy number Cost, replacement price Koha item type
    Not For Loan Non-fiction D.B.Act.Division D.B.Act.Division 20/08/2010 DBAD/PUB 300.00 363.73 AIT EN-84559 1 300.00 English Books

© Delhi Public Library
Hit Counter
free hit counter